000 00361nam a22001097a 4500
082 _a741.642
100 _aप्रभाकिरण जैन
_980536
245 _aचैतन्‍य महाप्रभु
260 _aदिल्‍ली
_bभारतीय ज्ञानपीठ
_c2017
650 _aबालकक्ष
_970490
942 _cBK
999 _c63874
_d63874